| 000 | 00557nam a2200169Ia 4500 | ||
|---|---|---|---|
| 005 | 20250424120323.0 | ||
| 008 | 250424s9999 xx 000 0 und d | ||
| 022 | _a25507826 | ||
| 050 | _aTK 5105.59 .S43/ | ||
| 245 | 0 | _aSecurity and intelligence reviews: journal of contemporary security and intelligence studies | |
| 260 | _aLagos, Nigeria | ||
| 260 | _bNigerian National Petroleum Corp. | ||
| 260 | _c2019 | ||
| 300 | _aviii, 473n p. :ill. ; 30 cm. | ||
| 650 | _aComputer networks--Security measures. Cyberspace--Security measures. | ||
| 942 | _cSR | ||
| 999 |
_c38639 _d38639 |
||